| 000 | 02020nam a2200493Ii 4500 | ||
|---|---|---|---|
| 001 | DIGUANDES787 | ||
| 003 | NyNyDIG | ||
| 006 | m o d | ||
| 007 | cr ||||||||||| | ||
| 008 | 241203s2024 ck ob 000 0 spa d | ||
| 035 | _a(OCoLC)1482221874 | ||
| 040 |
_aDGITA _beng _erda _epn _cDGITA |
||
| 020 |
_a9789587987287 _qe-book |
||
| 020 |
_a9789587987294 _qepub |
||
| 020 | _z9789587987270 | ||
| 043 | _as-ck--- | ||
| 050 | 1 | 4 | _aKHH5730 ebook |
| 100 | 1 |
_aPosada Maya, Ricardo, _eauthor. |
|
| 245 | 1 | 0 |
_aDelitos contra el patrimonio económico : _bhurto, abigeato y abuso de confianza / _cRicardo Posada Maya. |
| 250 | _aPrimera edición. | ||
| 264 | 1 |
_aBogotá, D. C., Colombia : _bEdiciones Uniandes : _bGrupo Editorial Ibáñez, _c[2024] |
|
| 300 | _a1 online resource. | ||
| 336 |
_atext _btxt _2rdacontent |
||
| 337 |
_acomputer _bc _2rdamedia |
||
| 338 |
_aonline resource _bcr _2rdacarrier |
||
| 347 |
_atext file _2rdaft |
||
| 347 | _bPDF | ||
| 347 | _bEPUB | ||
| 490 | 1 | _aColección Ciencias penales | |
| 500 | _a"Universidad de los Andes. Facultad de Derecho"--Cover. | ||
| 504 | _aIncludes bibliographical references. | ||
| 588 | 0 | _aOnline resource; title from PDF title page (Digitalia, viewed December 3, 2024) | |
| 650 | 0 |
_aOffenses against property _xLaw and legislation _zColombia. |
|
| 650 | 0 |
_aLarceny _xLaw and legislation _zColombia. |
|
| 650 | 0 |
_aCattle stealing _xLaw and legislation _zColombia. |
|
| 650 | 0 |
_aCriminal law _zColombia. |
|
| 791 | 2 |
_aDigitalia (Firm), _edistributor. |
|
| 793 | 0 |
_gDigitalia eBook Collection: _aUniversidad de los Andes |
|
| 776 | 0 | 8 |
_iPrint version: _aPosada Maya, Ricardo. _tDelitos contra el patrimonio económico. _bPrimera edición. _dBogotá, D. C., Colombia : Ediciones Uniandes : Grupo Editorial Ibáñez, [2024] _z9789587987270 |
| 830 | 0 | _aColección Ciencias penales (Bogotá, Colombia) | |
| 856 | 4 | 0 |
_3Digitalia Hispánica _uhttps://www.digitaliapublishing.com/a/163383/ |
| 910 | _aPremium collection: 2024 | ||
| 942 | _cRAA | ||
| 999 |
_c289814 _d289814 |
||